000 00260nam a2200097Ia 4500
001 948159
005 20250826215514.0
008 250824s9999 xx 000 0 und d
245 0 _aFUTBOL AKADEMİSİNDE SÜRPRİZ
_cUĞUR ÖNVER
260 _bKIRMIZI KEDİ YAYINLARI
999 _c948159
_d948159